000 00468nam a2200133Ia 4500
008 170221s9999 xx 000 0 und d
100 _aCasey Iddon
245 _aValue Relevance of Accounting and Other Variables in the Junior-Mining Sector
245 _cCasey Iddon, Samanthala Hettihewa, and Christopher S. Wright
260 _cAugust 2016
300 _a5 : 3
650 _xBusiness
856 _uhttp://ro.uow.edu.au/cgi/viewcontent.cgi?article=1542&context=aabfj
999 _c309886
_d309886